• 首页
  • 本馆介绍
  • 公告通知
  • 最新文献
  • 馆藏检索
  • 电子资源
  • 读者导购
  • 参考咨询
  • 我的图书馆
  • 登录
  • 详细信息显示
  • 放入我的书架
  • 预约/预借图书
  • 作者相关作品
  • 分类相关作品
  • 丛书相关作品
  • 出版社相关作品

书目信息

  • 表格格式
  • 工作单格式
  • 卡片格式
题名:
西葫芦与佛手瓜高效益栽培技术
    
 
作者: 刘宜生 编著
分册:  
出版信息: 北京   金盾出版社  1994.10
页数: 70页
开本: 19cm
丛书名:
单 册:
中图分类: S642.6
科图分类:
主题词: 西葫芦--栽培 , 佛手瓜--栽培
电子资源:
ISBN: 7-80022-930-0
000 00724nam0 2200229 45
001 0195001806
005 20070721153747.01
010    @a7-80022-930-0@dCNY2.00
100    @a19931216d1994 em y0chiy0121 ea
101 0  @achi
102    @aCN@b110000
105    @ay z 000yy
200 10 @a西葫芦与佛手瓜高效益栽培技术@AXI HU LU YU FO SHOU GUA GAO XIAO YI ZAI PEI JI SHU@f刘宜生等编著@FLIU YI SHENG DENG BIAN ZHU
210    @a北京@c金盾出版社@d1994.10
215    @a70页@d19cm
540 1  @a西葫芦 佛手瓜 栽培@AXI HU LU FO SHOU GUA ZAI PEI
606    @a西葫芦@x栽培
606    @a佛手瓜@x栽培
690    @aS642.6@v4
701  0 @a刘宜生@ALIU YI SHENG@4编著
801  0 @aCN@bTSSF@c20070721
905    @a10447@dS642.6@e172
    
    西葫芦与佛手瓜高效益栽培技术/刘宜生等编著.-北京:金盾出版社,1994.10
    70页;19cm
    
    
    ISBN 7-80022-930-0:CNY2.00
    
●
相关链接 在E读中查询图书 在五车中查询图书 在当当中查询图书 在豆瓣中查询图书


正题名:西葫芦与佛手瓜高效益栽培技术     索取号:S642.6/172         预约/预借

序号 登录号 条形码 馆藏地/架位号 状态 备注
1 0769550   207695500   第二样本阅览室/ [索取号:S642.6/172] 在馆    
唐山师范学院图书馆 欢迎您!
大连网信软件有限公司© 版权所有